000
00301nam a2200145Ia 4500
008
220923s9999 xx 000 0 und d
082
_b
RAM
100
_a
RAMACHANDRAN, R.
245
0
_a
LAW OF TORTS
250
_a
1ST
260
_c
2013
300
_a
416
650
_a
Law of Torts
942
_c
BK
999
_c
195860
_d
195860